000 00937nam a22002655a 4500
003 OSt
005 20170305124410.0
008 170305s2002 ua frb 000 0 ara d
015 _a2002 / 20230
020 _a9770439967
040 _aEG-ScBUE
_bara
_cEG-ScBUE
043 _af-ua---
_ae-fr---
082 0 4 _a346.02
_bع ش م
_222
100 1 _aعشماوي، أيمن إبراهيم.
245 1 0 _aمفهوم العقد وتطوره :
_bدراسة مقارنة /
_cأيمن إبراهيم العشماوي.
260 _aالقاهرة :
_bدار النهضة العربية،
_c[2002]
300 _a219 ص. ؛
_c24 سم.
504 _aيشتمل على إرجاعات ببليوجرافية.
610 _2BUEsh
650 7 _aالعقود (قانون مدنى)
_zمصر.
_2BUEsh
_940832
650 7 _aالعقود (قانون مدنى)
_zفرنسا.
_2BUEsh
_940833
651 _2BUEsh
653 _bLLAAWW
_cMarch2017
942 _2ddc
999 _c24319
_d24291